Control y manejo de cuencas
Збережено в:
| Співавтор: | |
|---|---|
| Формат: | Матеріали конференцій Книга |
| Опубліковано: |
San José, C.R. : Asociación Costarricense de Recursos Hidráulicos
1987
|
| Предмети: | |
| Теги: |
Додати тег
Немає тегів, Будьте першим, хто поставить тег для цього запису!
|
MARC
| LEADER | 00000nam a2200000Ia 4500 | ||
|---|---|---|---|
| 003 | 000490 | ||
| 005 | 20221231143950.0 | ||
| 008 | 140114s1987 cr a 000 ||s d | ||
| 040 | |c cru CEDI | ||
| 082 | |a 627 C965c | ||
| 111 | |a Congreso Nacional de Ingenería de los Recursos Hidráulicos,II; |c San José, Costa Rica |d 29,30 y 31 de octubre 1987 |9 18863 | ||
| 245 | |a Control y manejo de cuencas | ||
| 260 | |a San José, C.R. : Asociación Costarricense de Recursos Hidráulicos |c 1987 | ||
| 300 | |a 336 páginas : ilustraciones | ||
| 650 | |x RECURSOS HIDRICOS - COSTA RICA - CONGRESOS |x INGENIERIA SANITARIA - CONGRESOS |9 18864 | ||
| 942 | |2 ddc |c BK | ||
| 999 | |c 14920 |d 14920 | ||
